00250nam a2200097Ia 4500001000800000005001700008008004100025020001800066245004800084260002000132129565120260417170234.0260417s9999 xx 000 0 und d a9789752127364 0aZürafa Saklama RehbericMichelle Robinson bAltın Kitaplar